• 首页
  • 本馆介绍
  • 公告通知
  • 最新文献
  • 馆藏检索
  • 电子资源
  • 读者导购
  • 参考咨询
  • 我的图书馆
  • 登录
  • 详细信息显示
  • 放入我的书架
  • 预约/预借图书
  • 作者相关作品
  • 分类相关作品
  • 丛书相关作品
  • 出版社相关作品

书目信息

  • 表格格式
  • 工作单格式
  • 卡片格式
题名:
汉字简化字与繁体字对照字典
    
 
作者: 苏培成 编著
分册:  
出版信息: 北京   中信出版社  1992.06
页数: 273页
开本: 19cm
丛书名:
单 册:
中图分类: H163
科图分类:
主题词: 汉语--字典
电子资源:
ISBN: 7-80073-042-5
000 00583nam0 2200193 45
001 0006261033
005 20041227140624.2
010    @a7-80073-042-5@b软精装@dCNY16.50
100    @a20000626d1992 km y0chiy0120 ea
101    @achi
105    @a z 000yy
200 1  @a汉字简化字与繁体字对照字典@AHan Zi Jian Hua Zi Yu Fan Ti Zi Dui Zhao Zi Dian@f苏培成编著@FSu Pei Cheng Bian Zhu
210    @a北京@c中信出版社@d1992.06
215    @a273页@d19cm
606 0  @a汉语@x字典
690    @aH163@v1
701  0 @a苏培成@4编著
801    @aCN@bTSTC@c20000626
905    @b289285-287@dH163@e121@f3
    
    汉字简化字与繁体字对照字典/苏培成编著.-北京:中信出版社,1992.06
    273页;19cm
    
    
    ISBN 7-80073-042-5(软精装):CNY16.50
    
●
相关链接 在E读中查询图书 在五车中查询图书 在当当中查询图书 在豆瓣中查询图书


正题名:汉字简化字与繁体字对照字典     索取号:H163/121         预约/预借

序号 登录号 条形码 馆藏地/架位号 状态 备注
1 0289285   002892855   工具书阅览室/ [索取号:H163/121] 在馆    
2 0289286   002892864   第四借阅区/ [索取号:H163/121] 在馆    
3 0289287   002892873   第二样本阅览室/ [索取号:H163/121] 在馆    
唐山师范学院图书馆 欢迎您!
大连网信软件有限公司© 版权所有